| 000 | 00347nam a2200145Ia 4500 | ||
|---|---|---|---|
| 008 | 230917s9999||||xx |||||||||||||| ||und|| | ||
| 040 |
_e220124 _aMAIN |
||
| 041 | _aEnglish | ||
| 082 | _a512.25 J181M | ||
| 100 | _aJagbir Singh | ||
| 245 | 0 | _aMinimal cyclic codes of length 8p' over GF (q) | |
| 260 | _c2013 | ||
| 300 | _a266 p. | ||
| 942 | _cTH | ||
| 999 |
_c126323 _d126323 |
||